000 00715cab a2200217 4500
001 X3041
008 090401t1995 xxu||||| |||| 00| 0 eng d
035 _a(Sirsi) u28157
041 _aeng
245 _aJeremy Waters to head FIABCI
260 _c1995
350 _a0
490 _aCSM (Chartered Surveyor Monthly)
_v5(2) October 1995, 61(1)
520 _aJeremy Waters has been elected president of the British chapter of the International Real Estate Federation (FIABCI). Summary of FIABCI roles.
650 _aFIABCI
650 _aINTERNATIONAL REAL ESTATE FEDERATION
650 _aWATERS JEREMY
690 _aMANAGEMENT-BUSINESS MANAGEMENT-PROFESSIONAL PRACTICE
942 _n0
948 _c04/03/1997
999 _c18987
_d18987